000 00852nac a22002897a 4500
001 BR9100138
003 BR-BrBNA
005 20240105121136.0
008 230509b bl.|||m| |||| 00| 0 por d
040 _aBR-BrBNA
_bpor
_cBiblioteca Nacional de Agricultura
072 _aL01
090 _a6100 BR9100138
100 1 _aSantos, J.E. dos
100 1 _aVillela, J.C.
110 1 _aEmpresa de Assistencia Tecnica e Extensao Rural do Estado do Rio de Janeiro, Niteroi (Brasil)
_93979
245 1 _aAvicultura de corte
260 3 _aNiteroi, RJ (Brasil):
_c1988.
300 _a51 p.
490 _aAgropecuaria Fluminense (Brazil)
_vno. 3
_x
500 _a18 ref.
650 _aFRANGO DE CORTE
650 _aAVICULTURA
650 _aMANEJO
650 _aCOMEDOURO
909 _a202312
_bLúcia Elande
_c55
_dLúcia Elande
942 _2AGRIS
_n0
_cMS
999 _c283543
_d283543